Statystyki dla 40 osób które zmieniły bieg historii.

Kliknij tutaj aby rozwiązać quiz!

Ogólne statystyki

  • Ten quiz został rozwiązany 12,327 razy
    (12,156 od ostatniego zresetowania)
  • Średni wynik to 24 z 40

Statystyki odpowiedzi

Hint Answer % Correct
2. Założyciel ChrześcijaństwaJezus Chrystus
95%
9. Odkrył Amerykę 12 października 1492Krzysztof Kolumb
91%
19. Kanclerz III Rzeszy podczas II wojny światowejAdolf Hitler
88%
27. Przywódca ZSRR podczas II wojny światowejJózef Stalin
88%
8. Namalował Ostatnią Wieczerzę i Mona LisęLeonardo da Vinci
86%
10. Twórca teorii HeliocentrycznejMikołaj Kopernik
85%
12. Napisał Hamleta, Romeo i JulięWiliam Shakespeare
80%
13. Opracował teorię ewolucjiKarol Darwin
80%
24. Najdłużej panująca królowa Brytyjska (jeszcze żyje)Elżbieta II
80%
20. Francuski cesarz pokonany pod WaterlooNapoleon Bonaparte
77%
37. Zdradził JezusaJudasz
77%
22. Napisał Iliadę i OdysejęHomer
76%
29. Zapoczątkował podział w kościele i stworzył LuteranizmMarcin Luter
75%
23. Słynny Rzymski Dyktator podbił GalięJuliusz Cezar
75%
7. Twórca teorii względnościAlbert Einstein
74%
34. Polski PapieżJan Paweł II
74%
4. Pierwszy papieżŚw. Piotr
74%
26. Pierwszy ZSRR-owski przywódcaWłodzimierz Lenin
72%
28. Odkrył prawo ciążenia (grawitacji)Isaac Newton
71%
1. Założyciel Islamu, prorokMahomet
71%
30. Pierwszy człowiek na kiężycuNeil Armstrong
70%
25. Brytyjski premier podczas II wojny światowejWinston Churchill
69%
35. Przewodniczący SolidarnościLech Wałęsa
67%
6. Twórca drukuJan Gutenberg
64%
3. Pierwszy prezydent Stanów ZjednoczonychGeorge Washington
63%
31. Zaprojektował kopułę Bazyliki św PiotraMichał Anioł
55%
18. Stworzył żarówkęThomas Edison
52%
36. Wynalazł dynamitAlfred Nobel
50%
39. Wynalazł telefonAleksnder Graham Bell
44%
15. Czarny pastor baptystyczny działający na rzecz równouprawnieniaMartin Luther King
41%
14. Kobieta zwana Dziewicą OrleańskąJoanna d'Arc
41%
17. Przekroczył Pireneje na słoniachHannibal
37%
40. Stworzył Imperium FrankówKarol Wielki
32%
11. Pierwsza kobieta premier w Wielkiej BrytaniiMargaret Thatcher
31%
32. Napisał Boską KomedięDante Alighieri
25%
5. Twórca sonaty KsięzycowejLudvig van Beethoven
22%
16. Jedyny prezydent USA pełniący urząd ponad dwie kadencjeFranklin Delano Roosevelt
21%
21. Pierwsza kobieta która przeleciała nad AtlantykiemAmelia Earhart
19%
33. Papież który wysłał pierwszą krucjatęUrban II
10%
38. ,, Ojciec bomby atomowej''Robert Oppernheimer
6%

Rozkład punktacji

Percentyl według liczby udzielonych odpowiedzi

Procent ludzi z każdym wynikiem

Twoja historia wyników

Nie rozwiązałeś tego quizu od ostatniego zresetowania